书目信息 |
| 题名: |
袖子缝制工艺
|
|
| 作者: | 娄明朗 编著 | |
| 分册: | ||
| 出版信息: | 上海 上海科学技术出版社 2001.12 |
|
| 页数: | 134页 | |
| 开本: | 16开 | |
| 丛书名: | 上海服饰·学学做做丛书 | |
| 单 册: | ||
| 中图分类: | TS941.63 | |
| 科图分类: | ||
| 主题词: | 服装工业 | |
| 电子资源: | ||
| ISBN: | 7-5323-6326-0 | |
| 000 | 00641nam0 2200217 45 | |
| 001 | 0206171144 | |
| 005 | 20020617110326.2 | |
| 010 | @a7-5323-6326-0@d17.80元 | |
| 100 | @a20020617d2001 km y0chiy0120 ea | |
| 101 | 0 | @achi |
| 105 | @a z 000yy | |
| 200 | 1 | @a袖子缝制工艺@AXiu Zi Feng Zhi Gong Yi@f娄明朗编著@FLou Ming Lang Bian Zhu |
| 210 | @a上海@c上海科学技术出版社@d2001.12 | |
| 215 | @a134页@d16开 | |
| 225 | @a上海服饰·学学做做丛书 | |
| 410 | @12001 @a上海服饰·学学做做丛书 | |
| 606 | 0 | @a服装工业 |
| 690 | @aTS941.63@v3 | |
| 701 | 0 | @a娄明朗@4编著 |
| 801 | @aCN@bPftUser@c20020617 | |
| 905 | @aBZT@b340787-788@dTS941.63@e1@f5 | |
| 袖子缝制工艺/娄明朗编著.-上海:上海科学技术出版社,2001.12 |
| 134页;16开.-(上海服饰·学学做做丛书) |
| ISBN 7-5323-6326-0:17.80元 |
| ● |
| 相关链接 |
|
|
|
正题名:袖子缝制工艺
索取号:TS941.63/1
 
预约/预借
| 序号 | 登录号 | 条形码 | 馆藏地/架位号 | 状态 | 备注 |
| 1 | 340787 | 201170384 | 中心书库中库/ 中库024架B面4列5层16/ [索取号:TS941.63/1] | 在馆 | |
| 2 | 340788 | 201170393 | 中心书库中库/ 中库024架B面4列5层14/ [索取号:TS941.63/1] | 在馆 | |
| 3 | 340806 | 201170570 | 中心书库中库/ 中库024架B面5列7层23/ [索取号:TS941.63/1] | 在馆 | |
| 4 | 340807 | 201170589 | 中心书库中库/ 中库024架B面4列5层15/ [索取号:TS941.63/1] | 在馆 | |
| 5 | 340808 | 201170598 | 中心书库中库/ 中库024架B面4列5层17/ [索取号:TS941.63/1] | 在馆 |